00514nam a2200193 a 4500001001300000003000900013005001700022008004100039020000800080082001700088100001600105245006700121260004200188300000800230500003500238505001000273650002100283700001600304nice12345678IN_TiNIC20260116011603.0050524s1930 oxfa grp 000 0 eng  ac000a017.927bSTO aStorey, M A aCatalogue of the Arabic Manuscripts/ 1.Quran Literature, Vol.2 aOxfordbOxford University Pressc1930 a95p aincludes index and biblioraphy2 aIndex aCatalogue-Arabic1 aStorey, M A